University Home | Library Home | Institutional Repository

The popes : (Record no. 153534)

MARC details
000 -LEADER
fixed length control field 00644cam3a220020500 4500
001 - CONTROL NUMBER
control field qce01147070
005 - DATE AND TIME OF LATEST TRANSACTION
control field 20190823112659.0
008 - FIXED-LENGTH DATA ELEMENTS--GENERAL INFORMATION
fixed length control field 760319s1962 nyu 000 0 eng d
035 ## - SYSTEM CONTROL NUMBER
System control number (Sirsi) r101286
035 ## - SYSTEM CONTROL NUMBER
System control number (QCAT)lss01203207
035 ## - SYSTEM CONTROL NUMBER
System control number (UPRA)qce01147070
040 ## - CATALOGING SOURCE
Modifying agency UPRA
100 1# - MAIN ENTRY--PERSONAL NAME
Titles and words associated with a name Dr.
Linkage A59364.1
245 14 - TITLE STATEMENT
Title The popes :
Remainder of title the history of how they are chosen, elected and crowned.
260 ## - PUBLICATION, DISTRIBUTION, ETC.
Place of publication, distribution, etc. New York :
Name of publisher, distributor, etc. Collier Books,
Date of publication, distribution, etc. 1962.
500 ## - GENERAL NOTE
General note First Collier Books edition, 1962.
650 #0 - SUBJECT ADDED ENTRY--TOPICAL TERM
Topical term or geographic name entry element Popes -- Election.
General subdivision Popes -- Election.
Linkage S45773.1
949 ## - LOCAL PROCESSING INFORMATION (OCLC)
a BX1805
w lcc
i -144258
m MAIN
t BOOK
l ON-SHELF

No items available.

© 2026 - The University of Zambia Library - Koha v25.11